000 00589nam a2200193Ia 4500
003 GCL
008 140319s9999 xx 000 0 ara d
040 _aGCL /
_cGCL
082 0 4 _a813.03
_bا ت
100 1 _aاحمد سيد محمد
245 1 0 _aتوفيق الحكيم سيرته واعماله /
_cاحمد سيد محمد
250 _aالاولى
260 _aالقاهرة :
_bالصدر لخدمات الطباعة ،
_c1991
300 _a108 ص ؛
_c24سم
490 _a
650 0 4 _aتوفيق الحكيم
650 0 4 _aالرجال - تراجم
942 _2ddc
_cBK
999 _c28319
_d28319